Squadre che hanno partecipato alla serie A - Morte Improvvisa - Statistics

Statistiche generali
  • Questo quiz è stato fatto 6.836 volte
  • Il punteggio medio è 26 su 67
Answers on the Grid
Answers color-coded by a green-red scale on the quiz's grid according to % correct below.
Acireale
Akragas
Albinoleffe
Alessandria
Ancona
Arezzo
Ascoli
Atalanta
Avellino
Bari
Barletta
Benevento
Biellese
Bologna
Brescia
Brindisi
Cagliari
Campobasso
Carpi
Carrarese
Casale
Casertana
Catania
Catanzaro
Cesena
Chievo Verona
Cittadella
Como
Cosenza
Cremonese
Crotone
Empoli
FeralpiSalò
Fermana
Fiorentina
Foggia
Forlì
Frosinone
Genoa
Grosseto
Gubbio
Hellas Verona
Inter
Juve Stabia
Juventus
L'Aquila
Latina
Lazio
Lecce
Lecco
Legnano
Livorno
Lucchese
Lumezzane
Mantova
Matera
Messina
Milan
Modena
Monza
Napoli
Novara
Novese
Olbia
Padova
Palermo
Parma
Pavia
Perugia
Pescara
Piacenza
Pisa
Pistoiese
Pordenone
Portogruaro
Potenza
Prato
Pro Patria
Pro Sesto
Pro Vercelli
Ravenna
Reggiana
Reggina
Rimini
Roma
Salernitana
Sambenedettese
Sampdoria
Sanremese
Sassuolo
Savoia
Savona
Siena
Siracusa
Sorrento
Spal
Spezia
Sudtirol
Taranto
Ternana
Torino
Trapani
Trento
Treviso
Triestina
Udinese
Varese
Venezia
Viareggio
Vibonese
Vicenza
Virtus Bassano
Virtus Entella
 
Statistiche sulle risposte
Risposta % Corretto
Inter
52%
Napoli
52%
Cagliari
51%
Milan
51%
Roma
51%
Juventus
50%
Lazio
50%
Parma
50%
Sassuolo
50%
Torino
50%
Bologna
49%
Empoli
49%
Monza
49%
Palermo
49%
Atalanta
48%
Como
48%
Genoa
48%
Hellas Verona
48%
Lecce
48%
Sampdoria
48%
Udinese
48%
Fiorentina
47%
Spal
47%
Spezia
47%
Venezia
47%
Bari
46%
Benevento
46%
Brescia
46%
Chievo Verona
46%
Frosinone
46%
Cremonese
45%
Pisa
45%
Salernitana
45%
Crotone
44%
Catania
43%
Pescara
43%
Cesena
41%
Livorno
41%
Pro Vercelli
40%
Carpi
39%
Perugia
38%
Siena
37%
Reggina
36%
Ascoli
35%
Novara
34%
Modena
33%
Vicenza
33%
Messina
32%
Foggia
31%
Padova
30%
Reggiana
30%
Avellino
29%
Piacenza
28%
Triestina
28%
Ancona
26%
Catanzaro
23%
Casale
22%
Treviso
22%
Mantova
21%
Alessandria
20%
Ternana
20%
Pro Patria
16%
Varese
16%
Lecco
15%
Pistoiese
14%
Lucchese
12%
Legnano
10%
Nessun quiz corrispondente trovato
Distribuzione punteggi
Percentuale di utenti per punteggio
Percentile per numero di risposta
I tuoi punteggi nel tempo
Non hai fatto questo quiz